The law of the sea : (Record no. 26852)
[ view plain ]
| 000 -LEADER | |
|---|---|
| fixed length control field | 03940cam a22003375a 4500 |
| 005 - DATE AND TIME OF LATEST TRANSACTION | |
| control field | 20181017110419.0 |
| 008 - FIXED-LENGTH DATA ELEMENTS--GENERAL INFORMATION | |
| fixed length control field | 060317r20092006enk frb 001 0 eng |
| 010 ## - LIBRARY OF CONGRESS CONTROL NUMBER | |
| LC control number | 2006009433 |
| 020 ## - INTERNATIONAL STANDARD BOOK NUMBER | |
| International Standard Book Number | 9780199299614 |
| 035 ## - SYSTEM CONTROL NUMBER | |
| System control number | (OCoLC)ocm64554669 |
| 040 ## - CATALOGING SOURCE | |
| Original cataloging agency | DLC |
| Language of cataloging | eng |
| Transcribing agency | DLC |
| Modifying agency | UKM |
| -- | BAKER |
| -- | BWKUK |
| -- | YDXCP |
| -- | OCLCQ |
| -- | COO |
| -- | DLC |
| -- | EG-ScBUE |
| -- | EG-ScBUE |
| 082 04 - DEWEY DECIMAL CLASSIFICATION NUMBER | |
| Classification number | 341.45 |
| Item number | LAW |
| Edition number | 22 |
| 245 04 - TITLE STATEMENT | |
| Title | The law of the sea : |
| Remainder of title | progress and prospects / |
| Statement of responsibility, etc | edited by David Freestone, Richard Barnes and David M. Ong. |
| 250 ## - EDITION STATEMENT | |
| Edition statement | Reprinted ed. |
| 260 ## - PUBLICATION, DISTRIBUTION, ETC. (IMPRINT) | |
| Place of publication, distribution, etc | Oxford ; |
| -- | New York : |
| Name of publisher, distributor, etc | Oxford University Press, |
| Date of publication, distribution, etc | 2009. |
| 300 ## - PHYSICAL DESCRIPTION | |
| Extent | xxxvi, 465 p. ; |
| Dimensions | 24 cm. |
| 500 ## - GENERAL NOTE | |
| General note | Reprint of the 2006 ed. |
| 504 ## - BIBLIOGRAPHY, ETC. NOTE | |
| Bibliography, etc | Includes bibliographical references and index. |
| 505 0# - FORMATTED CONTENTS NOTE | |
| Formatted contents note | The law of the sea: progress and prospects / Richard Barnes, David Freestone, and David M. Ong -- Reflection on the 1982 Convention on the Law of the Sea / L. Dolliver M. Nelson --<br/>Further development of the 1982 Law of the Sea Convention: mechanisms for change / Alan Boyle -- The role of the United Nations in international oceans governance / Louise de La Fayette -- Administering the mineral resources of the deep seabed / Satya Nandan -- Towards an international law for the conservation of offshore hydrocarbon resources within the continental shelf? / David Ong -- The protection of underwater cultural heritage: Article 303 and the UNESCO Convention / Tullio Scovazzi -- Maritime boundary delimitation: where do we go from here? / Malcolm Evans -- Submissions to the CLCS in cases of unresolved land and maritime disputes: the significance of Article 76(10) of the Convention on the Law of the Sea / Constance Johnson and Alex Oude Elferink -- From permission to prohibition: the 1982 LOSC and protection of the marine environment / Catherine Redgwell -- Port State jurisdiction: towards mandatory and comprehensive use / Erik Jaap Molenaar -- The protection of biodiversity and fisheries management: issues raised by the relationship between CITES and LOSC / Erik Franckx -- The Convention on the Law of the Sea: an effective framework for domestic fisheries conservation? / Richard Barnes -- Marine mammals: exploiting the ambiguities of Article 65 LOSC and related provisions: practice under the International Convention for Regulation of Whaling / Patricia W. Birnie --High seas fisheries management under the LOSC / Kristina M. Gjerde -- The role of the World Bank and the global environment facility in the implementation of the regime of the Law of the Sea Convention / David Freestone -- Freedoms of the high sea in the modern law of the sea / David Anderson -- Freedom of navigation in a post 9/11 world: security and creeping jurisdiction / Stuart Kaye --<br/>Security and the law of the sea in East Asia: navigational regimes and exclusive economic zones / Sam Bateman --<br/>Some reflections on the operation of the dispute settlement system of the UN Convention of the Law of the Sea during its first decade / Robin Churchill -- A system for law of the sea dispute settlement / Tullio Treves -- The World Court and peaceful settlement of oceans disputes / Barbara Kwiatkowska. |
| 520 ## - SUMMARY, ETC. | |
| Summary, etc | Presents a collection of essays on the law of the sea. This book focusses on topics of long-standing and contemporary concern, such as navigation, security and the protection of natural resources.<br/><br/> |
| 650 #7 - SUBJECT ADDED ENTRY--TOPICAL TERM | |
| Topical term or geographic name as entry element | Law of the sea |
| Source of heading or term | BUEsh |
| 9 (RLIN) | 36993 |
| 651 ## - SUBJECT ADDED ENTRY--GEOGRAPHIC NAME | |
| Source of heading or term | BUEsh |
| 653 ## - INDEX TERM--UNCONTROLLED | |
| Resource For college | BAEPS, Political Science |
| Arrived date list | September2018 |
| -- | October2018 |
| 700 1# - ADDED ENTRY--PERSONAL NAME | |
| Personal name | Freestone, David, |
| Title of a work | editor. |
| 700 1# - ADDED ENTRY--PERSONAL NAME | |
| Personal name | Barnes, Richard, |
| Dates associated with a name | 1972-, |
| Title of a work | editor. |
| 700 1# - ADDED ENTRY--PERSONAL NAME | |
| Personal name | Ong, David M., |
| Title of a work | editor. |
| 856 41 - ELECTRONIC LOCATION AND ACCESS | |
| Materials specified | Table of contents |
| Uniform Resource Identifier | <a href="http://www.loc.gov/catdir/enhancements/fy0640/2006009433-t.html">http://www.loc.gov/catdir/enhancements/fy0640/2006009433-t.html</a> |
| 856 42 - ELECTRONIC LOCATION AND ACCESS | |
| Materials specified | Contributor biographical information |
| Uniform Resource Identifier | <a href="http://www.loc.gov/catdir/enhancements/fy0726/2006009433-b.html">http://www.loc.gov/catdir/enhancements/fy0726/2006009433-b.html</a> |
| 856 42 - ELECTRONIC LOCATION AND ACCESS | |
| Materials specified | Publisher description |
| Uniform Resource Identifier | <a href="http://www.loc.gov/catdir/enhancements/fy0726/2006009433-d.html">http://www.loc.gov/catdir/enhancements/fy0726/2006009433-d.html</a> |
| 942 ## - ADDED ENTRY ELEMENTS (KOHA) | |
| Source of classification or shelving scheme | Dewey Decimal Classification |
| Withdrawn status | Item status | Source of classification or shelving scheme | Damaged status | Not for loan | Vendor | Home library | Current library | Shelving location | Date acquired | Source of acquisition | Cost, normal purchase price | Serial Enumeration / chronology | Total Checkouts | Total Renewals | Full call number | Barcode | Date last seen | Date last borrowed | Cost, replacement price | Koha item type |
|---|---|---|---|---|---|---|---|---|---|---|---|---|---|---|---|---|---|---|---|---|
| Dewey Decimal Classification | Baccah | Central Library | Central Library | First floor | 24/09/2018 | Purchase | 934.00 | 21201 | 2 | 1 | 341.45 LAW | 000043218 | 15/07/2025 | 21/07/2024 | 1168.00 | Book - Borrowing |